US States that Contain the Letter G - Statistics

General Stats
  • This quiz has been taken 140 times
    130 since last reset
  • The average score is 7 of 7
Answers on the Map
Answers color-coded by a green-red scale on the quiz's map according to % correct below.
 
Answer Stats
Answer % Correct
Georgia
100%
Oregon
97%
Virginia
97%
West Virginia
96%
Wyoming
91%
Michigan
89%
Washington
89%
No matching quizzes found
Score Distribution
Percent of People with Each Score
Percentile by Number Answered
Your Score History
You have not taken this quiz since the last reset